Brawl stars - zadymiarz na daną literę - Statystyki

Ogólne statystyki
  • Ten quiz został rozwiązany 176 razy
  • Średni wynik to 17 z 20
Statystyki odpowiedzi
Litera Zadymiarz/Zadymiarze % Poprawnych
B Barley/Brock/Bibi/Bea/Belle/Berry/Bo/Buzz/Buster/Byron
96%
A Amber/Angelo/Ash/Alli
95%
C Chuck/Chester/Charlie/Carl/Clancy/Collette/Colt/Cordelius
95%
L Larry I Lawrie/Leon/Lola/Lou/Lumi
91%
S Sam/Sandy/Shade/Shelly/Spike/Surge/Stu/Squeak/Sirius
91%
P Pan P/Pearl/Penny/Pierce/Piper/Poco
90%
D Darryl/Doug/Draco/Dynamike
89%
K Kieł/Kit/Kiełek/Kenji/Kruk/Kaze
89%
M Mandy/Maisie/Meeple/Maks/Mico/Melodie/Mina/Moe/Mortis
89%
G Gigi/Gene/Griff/Grom/Gray/Glowy/Gale/Gus
88%
R R-t/Rico/Rosa/Ruffs
86%
F Finx/Frank
85%
E Eve/Edgar/Emz/El Primo
83%
J Jae-Yong/Juju/Jessie/Janet/Jacky
83%
H Hank
80%
T Tick/Tara/Trunk
80%
N Nani/Nita
79%
O Otis/Ollie
74%
Z Ziggy
65%
W Willow
59%
Nie znaleziono quizów pasujących do podanych kryteriów
Rozkład punktacji
Procent ludzi z każdym wynikiem
Percentyl według liczby udzielonych odpowiedzi
Twoja historia wyników
Nie rozwiązałeś tego quizu